| 000 | 00640nam a2200193Ia 4500 | ||
|---|---|---|---|
| 008 | 140626s9999 xx 000 0 und d | ||
| 100 | _aMartin, Lynn. | ||
| 245 |
_aUsing the RUG-III classification system for understanding the resource intensity of persons with intellectual disability residing in nursing homes / _cLynn Martin ... [et al.]. |
||
| 260 | _cc2011. | ||
| 300 | _a15 : 2, page 131 | ||
| 440 | _aJournal of Intellectual Disabilities | ||
| 521 | _aSPED | ||
| 650 | _aIntellectual disability. | ||
| 650 | _aMds 20. | ||
| 650 | _aNursing homes. | ||
| 650 | _aResource utilization. | ||
| 650 | _aRug-iii. | ||
| 942 | _cSE | ||
| 999 |
_c120967 _d120967 |
||